000 00669nam a2200241Ia 4500
005 20260430150648.0
008 008 250103s9999 xx 000 0 eng d
037 _aTheses
040 _aCRL
040 _beng
040 _ceng
041 _2eng
041 _aeng
084 _qCRL
100 _aAdiba Naz Au.; Nagpal Sumit Gu.
_91238140
245 0 _aExponential Starlikeness and Convexity of Hypergeometric and Certain Analytic Functions
260 _c2024
300 _a139p.
650 _aMathematics
700 _aUniversity of Delhi. Faculty of Mathematical Sciences. Deptt. of Mathematics
_91237071
942 _cTH
999 _c1850329
_d1850329